000 00421nam a22001457a 4500
999 _c7617
_d7615
005 20210315162307.0
008 210315b ||||| |||| 00| 0 eng d
082 _a346.066
100 _aAIYAR, A.N.
_96466
245 _aEPORTS OF COMPANY CASES INCLUDING CASES OF BANKING AND INSURENCE [VOL-101]
260 _aCHENNAI
_bCOMPANY LAW INSTITUTE OF INDIA
_c2000
300 _a920;i-xxxi,p
650 _aLAW
_95701
942 _cJRL